000
00339nam a22001577a 4500
003
SGT
020
_a
0-8493-7529-0
082
_a
664.001
_b
F14R
100
_a
RAY, BIBEK
245
_a
FUNDAMENTAL FOOD MICROBIOLOGY
250
_a
4TH
260
_a
LONDON
_b
CRC
_c
2014
300
_a
492
650
_a
MICROBIOLOGY
942
_2
ddc
_c
BK
_0
13
999
_c
11960
_d
11960